| 000 | 00853nam a2200241 a 4500 | ||
|---|---|---|---|
| 001 | 000048891 | ||
| 005 | 20201002061505.0 | ||
| 008 | 100520s2016 dr 001 0 spa d | ||
| 020 | _a9789945006759 | ||
| 040 |
_aDO-SdBNP _bspa _cBNPHU |
||
| 082 |
_a332.024 _bS715a, 2016 |
||
| 100 | 1 |
_aSosa Sosa, Diego A., _d1966- _93236 |
|
| 245 | 1 | 0 |
_aArco iris financiero : _b7 colores para llegar a tu tesoro / _cDiego A. Sosa. |
| 246 | 1 | 3 |
_aArco iris financiero : _bsiete colores para llegar a tu tesoro |
| 250 | _a5ta ed. | ||
| 260 |
_aSanto Domingo : _bBúho, _c2016. |
||
| 300 |
_a196 p. : _bil. ; _c24 cm. |
||
| 500 | _aIncluye datos biográficos del autor en la solapa de la cubierta. | ||
| 590 | _aInventariado, 2019/LP | ||
| 650 | 4 |
_aFinanzas personales _98282 |
|
| 650 | 4 |
_aPlanificación del patrimonio _940656 |
|
| 650 | 4 |
_aPresupuesto personal _940657 |
|
| 999 |
_c48379 _d48379 |
||